Statystyki dla 100 największych miast UE

Kliknij tutaj aby rozwiązać quiz!

Ogólne statystyki

  • Ten quiz został rozwiązany 174 razy
  • Średni wynik to 67 z 100

Statystyki odpowiedzi

PaństwoLudnośćMiasto% Poprawnych
Niemcy3 748 148Berlin
100%
Hiszpania3 182 981Madryt
100%
Francja2 206 488Paryż
100%
Włochy2 865 234Rzym
100%
Polska774 839Kraków
99%
Polska1 790 658Warszawa
99%
Austria1 888 776Wiedeń
99%
Hiszpania1 620 809Barcelona
98%
Węgry1 749 734Budapeszt
98%
Rumunia1 877 155Bukareszt
98%
Czechy1 294 513Praga
98%
Holandia859 732Amsterdam
97%
Niemcy1 456 039Monachium
97%
Bułgaria1 290 502Sofia
96%
Niemcy1 830 584Hamburg
95%
Włochy1 372 810Mediolan
95%
Polska641 607Wrocław
95%
Polska537 643Poznań
94%
Szwecja960 031Sztokholm
94%
Grecja664 046Ateny
93%
Polska464 829Gdańsk
93%
Polska682 679Łódź
93%
Chorwacja802 338Zagrzeb
92%
Łotwa641 423Ryga
90%
Litwa536 692Wilno
90%
Włochy962 495Neapol
89%
Polska403 833Szczecin
89%
Polska339 850Lublin
88%
Włochy878 074Turyn
88%
Finlandia645 482Helsinki
87%
Niemcy1 080 394Kolonia
87%
Dania613 288Kopenhaga
87%
Francja861 635Marsylia
87%
Irlandia554 002Dublin
86%
Polska295 449Katowice
85%
Słowacja429 564Bratysława
84%
Francja513 275Lyon
84%
Hiszpania689 434Sewilla
84%
Estonia440 702Tallinn
84%
Holandia641 326Rotterdam
83%
Polska352 313Bydgoszcz
82%
Portugalia506 892Lizbona
82%
Niemcy586 600Dortmund
81%
Niemcy746 878Frankfurt
81%
Hiszpania787 808Walencja
81%
Niemcy551 072Drezno
80%
Polska297 403Białystok
78%
Holandia534 158Haga
75%
Grecja315 196Saloniki
75%
Niemcy581 980Lipsk
74%
Włochy665 591Palermo
74%
Czechy404 145Brno
73%
Szwecja312 012Malmo
71%
Niemcy617 280Dusseldorf
67%
Belgia523 248Antwerpia
66%
Hiszpania345 110Bilbao
66%
Włochy381 512Florencja
66%
Niemcy632 743Stuttgart
66%
Hiszpania569 002Malaga
65%
Szwecja590 580Goteborg
64%
Włochy578 710Genua
63%
Niemcy568 006Brema
62%
Litwa288 466Kowno
62%
Niemcy515 201Norymberga
61%
Słowenia289 518Lublana
60%
Niemcy535 061Hanower
58%
Francja342 637Nicea
57%
Czechy290 450Ostrawa
57%
Włochy390 294Bolonia
56%
Niemcy583 393Essen
54%
Austria286 292Graz
53%
Hiszpania664 938Saragossa
53%
Niemcy325 490Bonn
51%
Francja471 941Tuluza
51%
Włochy322 018Bari
46%
Bułgaria336 505Warna
46%
Rumunia324 576Kluż-Napoka
43%
Francja303 382Nantes
42%
Włochy312 129Katania
39%
Niemcy498 110Duisburg
37%
Hiszpania443 243Murcja
34%
Holandia349 234Utrecht
34%
Hiszpania329 988Alicante
32%
Bułgaria368 983Płowdiw
32%
Niemcy365 529Bochum
31%
Niemcy332 552Bielefeld
29%
Hiszpania395 688Las Palmas
28%
Hiszpania292 986Vigo
28%
Niemcy292 851Augsburg
26%
Rumunia319 279Timisoara
26%
Rumunia378 871Jassy
25%
Rumunia283 872Konstanca
25%
Hiszpania325 916Kordoba
25%
Niemcy307 997Mannheim
25%
Hiszpania434 516Palma de Mallorca
24%
Niemcy353 590Wuppertal
23%
Niemcy313 559Munster
22%
Hiszpania299 715Valladolid
22%
Niemcy311 919Karlsruhe
21%
Rumunia304 340Galati
9%

Rozkład punktacji

Percentyl według liczby udzielonych odpowiedzi

Procent ludzi z każdym wynikiem

Twoja historia wyników

Nie rozwiązałeś tego quizu